30 najwiekszych wysp swiata - Statystyki

Ogólne statystyki
  • Ten quiz został rozwiązany 25 razy
  • Średni wynik to 13 z 30
Statystyki odpowiedzi
panstwo wyspa powierzchnia wyspy (km2) % Poprawnych
dania grenlandia 2 130 800
96%
madagaskar madagaskar 587 713
88%
(nazwa wyspy to panstwo)/dominikana haiti 73 929
79%
(nazwa wyspy to panstwo)/wielka brytania irlandia 81 638
75%
(nazwa wyspy to panstwo) kuba 105 806
75%
brunei/indonezja/malezja borneo 748 168
71%
japonia hokkaido 78 719
67%
(nazwa wyspy to panstwo) islandia 101 826
67%
(nazwa wyspy to panstwo) wielka brytania 209 331
67%
indonezja jawa 138 794
63%
indonezja/papua nowa gwinea nowa gwinea 785 753
63%
indonezja sumatra 443 066
58%
sri lanka cejlon 67 655
54%
japonia honsiu 225 800
54%
australia tasmania 65 022
54%
rosja nowa ziemia wyspa polnocna 47 079
50%
indonezja celebes 180 681
42%
filipiny luzon 109 965
29%
kanada ziemia baffina 507 451
29%
kanada wyspa wiktorii 217 291
25%
argentyna/chile ziemia ognista 47 401
25%
rosja sachalin 72 493
21%
nowa zelandia wyspa polnocna nowej zelandi 111 583
21%
nowa zelandia wyspa poludniowa nowej zelandi 145 836
21%
filipiny mindanao 97 530
17%
kanada nowa funlandia 108 860
13%
kanada wyspa ellesmerea 196 236
8%
kanada wyspa banksa 70 028
4%
antarkdyda wyspa aleksandra 49 070
0%
kanada wyspa devon 55 247
0%
Nie znaleziono quizów pasujących do podanych kryteriów
Rozkład punktacji
Procent ludzi z każdym wynikiem
Percentyl według liczby udzielonych odpowiedzi
Twoja historia wyników
Nie rozwiązałeś tego quizu